[Event "Zuoz Engiadina op 26th"]
[Site "Zuoz"]
[Date "2019.10.10"]
[Round "5"]
[White "Frehner, Walter"]
[Black "Brandstaetter, Mark Pieter"]
[Result "0-1"]
[WhiteElo "2063"]
[BlackElo "1733"]
[PlyCount "74"]
[EventDate "2019.10.05"]
[EventType "swiss"]
[EventRounds "7"]
[EventCountry "SUI"]
[SourceTitle "EXT 2020"]
[Source "ChessBase"]
[SourceDate "2019.10.17"]
[SourceVersion "1"]
[SourceVersionDate "2019.10.17"]
[SourceQuality "1"]

1. d4 Nf6 2. Nf3 c5 3. d5 d6 4. c4 e6 5. Nc3 exd5 6. cxd5 g6 7. e4 Bg7 8. Bd3 0-0 9. 0-0 Bg4 10. Bf4 a6 11. a4 Nh5 12. Bd2 Nd7 13. Be2 Nhf6 14. Bf4 Qe7 15. h3 Bxf3 16. Bxf3 c4 17. Re1 Ne5 18. Be2 Rac8 19. Be3 Ned7 20. Bd4 Rfe8 21. f4 Nxe4 22. Bxg7 Kxg7 23. Qd4+ Qf6 24. Rad1 Qxd4+ 25. Rxd4 Nxc3 26. bxc3 Re3 27. Kf2 Rxc3 28. Bg4 Rd8 29. Re7 Nc5 30. Be2 b5 31. Rc7 Rd7 32. Rc6 Rb3 33. axb5 axb5 34. Rb6 f5 35. Rd1 Ne4+ 36. Kf1 Nc3 37. Ra1 Nxd5 0-1

[Event "Zuoz Engiadina op 25th"]
[Site "Zuoz"]
[Date "2018.10.12"]
[Round "7"]
[White "Frehner, Walter"]
[Black "Wegelin, Reinhard"]
[Result "1-0"]
[WhiteElo "2089"]
[BlackElo "1790"]
[PlyCount "81"]
[EventDate "2018.10.06"]
[EventType "swiss"]
[EventRounds "7"]
[EventCountry "SUI"]
[SourceTitle "CBM 186 Extra"]
[Source "ChessBase"]
[SourceDate "2018.08.24"]
[SourceVersion "1"]
[SourceVersionDate "2018.08.24"]
[SourceQuality "1"]

1. d4 Nf6 2. c4 Nc6 3. Nf3 e6 4. a3 a5 5. Nc3 d6 6. e4 Be7 7. Bd3 e5 8. d5 Nb8 9. h3 Nbd7 10. Be3 b6 11. b4 0-0 12. 0-0 axb4 13. axb4 Rxa1 14. Qxa1 Nh5 15. Ne2 Bh4 16. g3 Nb8 17. Nxh4 Bxh3 18. Rc1 Qd7 19. Kh2 g6 20. Ng1 Bg4 21. f3 Nf6 22. Be2 Bh5 23. c5 bxc5 24. bxc5 Kg7 25. Qa7 Bxf3 26. Bxf3 Ng4+ 27. Bxg4 Qxg4 28. cxd6 cxd6 29. Re1 Nd7 30. Bf2 Nf6 31. Qe3 Qd7 32. Kg2 Ng4 33. Qe2 f5 34. exf5 gxf5 35. Nh3 Qf7 36. Qc4 Qd7 37. Ng5 Rc8 38. Qe2 Qb7 39. Nxf5+ Kf6 40. Qxg4 Qxd5+ 41. Ne4+ 1-0

[Event "Zuoz Engiadina op 25th"]
[Site "Zuoz"]
[Date "2018.10.08"]
[Round "3"]
[White "Lenninger, Ralf"]
[Black "Frehner, Walter"]
[Result "1-0"]
[WhiteElo "1931"]
[BlackElo "2089"]
[PlyCount "43"]
[EventDate "2018.10.06"]
[EventType "swiss"]
[EventRounds "7"]
[EventCountry "SUI"]
[SourceTitle "CBM 186 Extra"]
[Source "ChessBase"]
[SourceDate "2018.08.24"]
[SourceVersion "1"]
[SourceVersionDate "2018.08.24"]
[SourceQuality "1"]

1. d4 d5 2. Bf4 Nf6 3. e3 e6 4. Nf3 Bd6 5. Bxd6 Qxd6 6. Nbd2 c5 7. c3 Ne4 8. Nxe4 dxe4 9. Nd2 f5 10. Nc4 Qc7 11. dxc5 Qxc5 12. b4 Qc7 13. Nd6+ Ke7 14. Qd4 Kf8 15. Bb5 a6 16. Ba4 b5 17. Bb3 Nc6 18. Qc5 Kg8 19. Nxf5 Bd7 20. Rd1 Re8 21. 0-0 g6 22. Nd6 1-0